Sentidos divergentes en la ciudad

Este texto recoge un ejercicio de observación cotidiana enfocado en aquella pobreza económica que contiene, a su vez, riqueza cultural y social en grupos que habitan el centro de la capital de Chile. Cuando se camina por los barrios viejos de Santiago (San Diego, Matucana, Brasil), sus edificaciones...

Full description

Bibliographic Details
Main Author: Bozo, Jorge
Format: Analitica de revista
Language:Spanish
Published: Santiago, Chile SUR 2010
Subjects:

MARC

LEADER 00000nab a2200000 a 4500
001 037869
003 UAHC_CL
005 20180117120248.0
008 171212s2010 cl a|||| |||| 00| 0 spa d
952 |0 0  |1 0  |4 0  |6 PROPOSICIONES_37_10_000000000000000  |7 0  |8 COMP  |9 89279  |a BC  |b BC  |c Hemeroteca  |d 2018-01-15  |e DIRECTA  |l 0  |o PROPOSICIONES-37/10  |r 2018-01-15 00:00:00  |t 1  |w 2018-01-15  |y REVA 
999 |c 50217  |d 50217 
040 |a UAHC_CL  |c UAHC_CL  |d UAHC_CL 
100 |9 1720  |a Bozo, Jorge 
245 1 0 |a Sentidos divergentes en la ciudad  |c Jorge Bozo. 
260 |b SUR  |c 2010  |a Santiago, Chile 
300 |a pp. 124-129 
310 |a Anual. 
362 0 |a Año 1, no. 1 (nov. 2002)- . 
500 |a En: Proposiciones. no. 37, 2010. pp. 124-129. ISSN. 956208051X. 
520 |a Este texto recoge un ejercicio de observación cotidiana enfocado en aquella pobreza económica que contiene, a su vez, riqueza cultural y social en grupos que habitan el centro de la capital de Chile. Cuando se camina por los barrios viejos de Santiago (San Diego, Matucana, Brasil), sus edificaciones y la vida que en ellas se lleva aparecen como una muestra del avance “hacia atrás” de nuestra historia de desarrollo urbano. 
650 0 |9 1716  |a Urbanismo   |x Aspectos sociales  |z Chile 
650 0 |9 1719  |a Planificación urbana   |x Aspectos sociales  |z Chile 
650 0 |9 1721  |a Desarrollo urbano   |x Aspectos políticos  |z Chile  |z Santiago (comuna) 
900 |a PROPOSICIONES-37/10 
942 |c REVA